Největší představitelé marketingu jejich hlavní myšlenky, názory a díla

Guardado en:
Detalles Bibliográficos
Autor principal: Kermally, Sultan
Otros Autores: Jungmann, Vilém
Formato: Libro
Lenguaje:checo
Publicado: Brno Computer Press 2006
Edición:2. vyd.
Materias:
Etiquetas: Agregar Etiqueta
Sin Etiquetas, Sea el primero en etiquetar este registro!

MARC

LEADER 00000nam$a2200000$$$4500
001 0051779
005 20221207101214.1
020 |a 80-251-1013-3 
041 0 |a cze 
044 |a CZ 
245 1 0 |a Největší představitelé marketingu  |b jejich hlavní myšlenky, názory a díla  |c Sultan Kermally ; překlad: Vilém Jungmann 
250 |a 2. vyd. 
264 1 |a Brno  |b Computer Press  |c 2006 
300 |a 104 s. 
610 2 0 |a marketing 
610 2 0 |a myslenie ekonomické 
610 2 0 |a vývoj 
610 2 0 |a analýzy 
610 2 0 |a koncepcie 
610 2 0 |a filozofia 
610 2 0 |a marketing mix 
610 2 0 |a osobnosť 
610 2 0 |a životopisy 
610 2 0 |a Drucker, P. 
610 2 0 |a Porter, M. 
610 2 0 |a Peters, T. 
610 2 0 |a Ansoff, I. 
610 2 0 |a Levitt, T. 
610 2 0 |a Kotler, P. 
100 1 |a Kermally, Sultan 
700 1 |a Jungmann, Vilém